| 000 | 00451nam a22001937a 4500 | ||
|---|---|---|---|
| 005 | 20231101181041.0 | ||
| 008 | 231101b |||||||| |||| 00| 0 eng d | ||
| 020 | _a813171263 | ||
| 082 |
_a658.8408 _bCOU-M |
||
| 100 | _aCoughlan,Anne T. | ||
| 245 | _aMarketing Channel | ||
| 250 | _a7th.ed. | ||
| 260 |
_aIndia _bPearson _c2006 |
||
| 300 | _a602 | ||
| 500 | _aInclude Index | ||
| 650 | _amanagement | ||
| 700 | _aAnne T.Coughlan | ||
| 999 |
_c34661 _d34661 |
||